000
00220nam a22000857a 4500
008
160804b xxu||||| |||| 00| 0 eng d
100
_9
17
_a
Doshi D.M
245
_a
Science Today-VIII
260
_a
New Delhi
_b
CPP Publication
_c
2012
999
_c
2667
_d
2667